[Event "Ugra-Mongolia m"]
[Site "Khanty-Mansiysk"]
[Date "2023.12.11"]
[Round "1.1"]
[White "Jakovenko, Dmitrij"]
[Black "Bilguun, Sumiya"]
[Result "1/2-1/2"]
[WhiteElo "2682"]
[BlackElo "2466"]
[PlyCount "43"]
[EventDate "2023.12.11"]
[EventType "schev (rapid)"]
[EventRounds "6"]
[EventCountry "RUS"]
[SourceTitle "CBM 217 Extra"]
[Source "ChessBase"]
[SourceDate "2024.01.31"]
[SourceVersion "1"]
[SourceVersionDate "2024.01.31"]
[SourceQuality "1"]
[WhiteTeam "Ugra"]
[BlackTeam "Mongolia"]
[WhiteTeamCountry "RUS"]
[BlackTeamCountry "MGL"]

1. Nf3 c5 2. g3 g6 3. Bg2 Bg7 4. 0-0 Nc6 5. c4 e5 6. Nc3 Nge7 7. d3 d6 8. a3 a5 9. Ne1 Be6 10. Nc2 d5 11. cxd5 Nxd5 12. Ne3 Nde7 13. Nc4 0-0 14. Bg5 Rb8 15. Bxe7 Nxe7 16. Ne4 b6 17. Rb1 Nd5 18. Qc2 Qe7 19. Nc3 Nc7 20. Ne3 Rfd8 21. Rfc1 f5 22. b3 1/2-1/2

[Event "FIDE World Cup"]
[Site "Krasnaya Polyana"]
[Date "2021.07.15"]
[Round "2.1"]
[White "Gareyev, Timur"]
[Black "Jakovenko, Dmitrij"]
[Result "1/2-1/2"]
[WhiteElo "2596"]
[BlackElo "2684"]
[PlyCount "116"]
[EventDate "2021.07.12"]
[EventType "k.o."]
[EventRounds "8"]
[EventCountry "RUS"]
[SourceTitle "CBM 203"]
[Source "ChessBase"]
[SourceDate "2021.08.31"]
[SourceVersion "1"]
[SourceVersionDate "2021.08.31"]
[SourceQuality "1"]

1. d4 Nf6 2. c4 e6 3. g3 Bb4+ 4. Nd2 d5 5. Bg2 0-0 6. Ngf3 b6 7. 0-0 Bb7 8. Ne5 Be7 9. Qc2 c5 10. dxc5 Bxc5 11. Ndf3 Nbd7 12. Bg5 Rc8 13. Nxd7 Qxd7 14. Ne5 Qc7 15. Bxf6 gxf6 16. Ng4 Be7 17. Qc3 Qd8 18. Rad1 b5 19. c5 h5 20. Rd4 f5 21. Nh6+ Kh7 22. Nxf5 exf5 23. Qd3 Bxc5 24. Rf4 Kg7 25. Rxf5 Rh8 26. Qxb5 Qb6 27. Qd3 Qg6 28. h4 Be7 29. Re1 Bf6 30. Kh2 Rcd8 31. Qf3 d4 32. Rxf6 Bxf3 33. Rxg6+ fxg6 34. Bxf3 Rhe8 35. Rd1 Rd6 36. Kg2 a5 37. Kf1 Kf6 38. Rd2 Rc8 39. Be4 Rc1+ 40. Kg2 Ke5 41. Bc2 Ra1 42. f4+ Kf6 43. e4 Rb6 44. e5+ Ke7 45. Bb3 Rb1 46. Rxd4 Rxb2+ 47. Kf3 Rc6 48. Rd3 Rc1 49. Bd5 a4 50. Ke3 Re1+ 51. Kd4 Ree2 52. Bc4 Red2 53. Rxd2 Rxd2+ 54. Ke3 Rg2 55. Kf3 Rc2 56. Bd5 Rc3+ 57. Kf2 a3 58. Bg8 Rc2+ 1/2-1/2

[Event "World Corporate East B"]
[Site "Chess.com INT"]
[Date "2021.02.20"]
[Round "5.1"]
[White "Jakovenko, Dmitrij"]
[Black "Meier, Georg"]
[Result "1/2-1/2"]
[WhiteElo "2684"]
[BlackElo "2628"]
[PlyCount "41"]
[EventDate "2021.02.19"]
[EventType "team (rapid)"]
[EventRounds "7"]
[EventCountry "USA"]
[SourceTitle "EXT 2022"]
[Source "ChessBase"]
[SourceDate "2021.10.06"]
[SourceVersion "1"]
[SourceVersionDate "2021.10.06"]
[SourceQuality "1"]
[WhiteTeam "Yandex"]
[BlackTeam "Grenke Bank"]
[WhiteTeamCountry "RUS"]
[BlackTeamCountry "GER"]

1. Nf3 d5 2. e3 Nf6 3. c4 c6 4. Nc3 g6 5. d4 Bg7 6. Be2 0-0 7. 0-0 Bg4 8. b3 e6 9. Bb2 Nbd7 10. h3 Bxf3 11. Bxf3 Re8 12. Qc2 Qe7 13. Rfe1 a6 14. Rad1 Rad8 15. g3 Nb6 16. Qe2 Qb4 17. c5 Nbd7 18. Qd2 e5 19. Rb1 Qa5 20. Bg2 Qc7 21. b4 1/2-1/2

[Event "World Corporate East B"]
[Site "Chess.com INT"]
[Date "2021.02.20"]
[Round "6.2"]
[White "Jojua, Davit"]
[Black "Jakovenko, Dmitrij"]
[Result "1-0"]
[WhiteElo "2557"]
[BlackElo "2684"]
[PlyCount "69"]
[EventDate "2021.02.19"]
[EventType "team (rapid)"]
[EventRounds "7"]
[EventCountry "USA"]
[SourceTitle "EXT 2022"]
[Source "ChessBase"]
[SourceDate "2021.10.06"]
[SourceVersion "1"]
[SourceVersionDate "2021.10.06"]
[SourceQuality "1"]
[WhiteTeam "Khareba"]
[BlackTeam "Yandex"]
[WhiteTeamCountry "GEO"]
[BlackTeamCountry "RUS"]

1. d4 Nf6 2. c4 e6 3. g3 Bb4+ 4. Bd2 Be7 5. Bg2 d5 6. Nf3 c6 7. Qc2 Nbd7 8. 0-0 b6 9. Rd1 Ba6 10. b3 Rc8 11. Bc3 dxc4 12. Ne5 Nxe5 13. dxe5 Nd7 14. Qe4 Qc7 15. bxc4 0-0 16. Nd2 Rfd8 17. Nb3 Nc5 18. Nxc5 Bxc5 19. h4 b5 20. cxb5 cxb5 21. Bd4 Bf8 22. Qe3 Rd7 23. Rdc1 Qa5 24. Bxa7 Rxc1+ 25. Rxc1 Qxa2 26. Bc5 Bxc5 27. Qxc5 h5 28. Bf3 g6 29. Qb6 Kg7 30. Kg2 b4 31. Qxb4 Bxe2 32. Bxe2 Qxe2 33. Qf4 Qd3 34. Qf6+ Kh7 35. Rc8 1-0

[Event "World Corporate East B"]
[Site "Chess.com INT"]
[Date "2021.02.19"]
[Round "2.2"]
[White "Nguyen, Piotr"]
[Black "Jakovenko, Dmitrij"]
[Result "0-1"]
[WhiteElo "2411"]
[BlackElo "2684"]
[PlyCount "124"]
[EventDate "2021.02.19"]
[EventType "team (rapid)"]
[EventRounds "7"]
[EventCountry "USA"]
[SourceTitle "EXT 2022"]
[Source "ChessBase"]
[SourceDate "2021.10.06"]
[SourceVersion "1"]
[SourceVersionDate "2021.10.06"]
[SourceQuality "1"]
[WhiteTeam "Samsung Electronics"]
[BlackTeam "Yandex"]
[WhiteTeamCountry "POL"]
[BlackTeamCountry "RUS"]

1. f4 d5 2. Nf3 Nf6 3. g3 g6 4. Bg2 Bg7 5. 0-0 0-0 6. d3 c5 7. Nc3 Nc6 8. Ne5 Nxe5 9. fxe5 Ng4 10. Nxd5 e6 11. Nf6+ Nxf6 12. exf6 Bxf6 13. c3 Bg7 14. Qa4 Bd7 15. Qc4 Qc7 16. Bf4 e5 17. Be3 Rac8 18. Bd5 Bh3 19. Rf2 Qd7 20. a4 b6 21. Qe4 Rc7 22. Bc4 Be6 23. Bb5 Qd6 24. a5 Bd5 25. Qh4 f5 26. axb6 axb6 27. Bh6 Rcf7 28. Raf1 Bxh6 29. Qxh6 f4 30. e4 Be6 31. Kg2 fxg3 32. Rxf7 Rxf7 33. Rxf7 Bxf7 34. hxg3 Qf6 35. Qh4 Kg7 36. Qxf6+ Kxf6 37. Kf3 h5 38. Bd7 g5 39. Ke3 h4 40. gxh4 gxh4 41. Bg4 Kg5 42. Bh3 Bh5 43. d4 cxd4+ 44. cxd4 exd4+ 45. Kxd4 Bg4 46. Bf1 Kf4 47. e5 Be6 48. b4 Kf3 49. Bd3 h3 50. Be4+ Kf2 51. Bc6 h2 52. b5 Kg1 53. Ke3 h1Q 54. Bxh1 Kxh1 55. Kf4 Bd7 56. Kg5 Bxb5 57. e6 Be8 58. Kf6 b5 59. Ke7 Bh5 60. Kf6 b4 61. Kg5 Be8 62. Kf4 b3 0-1

[Event "Wch Blitz"]
[Site "Moscow"]
[Date "2019.12.30"]
[Round "15"]
[White "Jakovenko, Dmitrij"]
[Black "Gajewski, Grzegorz"]
[Result "1-0"]
[WhiteElo "2698"]
[BlackElo "2626"]
[PlyCount "83"]
[EventDate "2019.12.29"]
[EventType "swiss (blitz)"]
[EventRounds "21"]
[EventCountry "RUS"]
[SourceTitle "CBM 193 Extra"]
[Source "ChessBase"]
[SourceDate "2020.01.31"]
[SourceVersion "1"]
[SourceVersionDate "2020.01.31"]
[SourceQuality "1"]

1. e4 c5 2. Nf3 e6 3. d4 cxd4 4. Nxd4 a6 5. Bd3 Bc5 6. Nb3 Be7 7. Qg4 g6 8. Qe2 d6 9. a4 Nd7 10. 0-0 Qc7 11. Nc3 Ne5 12. h3 Bd7 13. a5 Nf6 14. Bh6 Nh5 15. Rad1 Bc6 16. Qe3 Nxd3 17. cxd3 e5 18. d4 Rd8 19. Nd5 Bxd5 20. exd5 f5 21. dxe5 dxe5 22. Rfe1 Kf7 23. g4 Nf6 24. gxf5 gxf5 25. Qxe5 Rhg8+ 26. Kh1 Qxe5 27. Rxe5 Ne4 28. Rxf5+ Kg6 29. Rf4 Nxf2+ 30. Rxf2 Kxh6 31. Nd4 Bc5 32. Nf5+ Kh5 33. Rf3 Rde8 34. d6 Ref8 35. d7 Bb4 36. Rd5 Kg6 37. Rg3+ Kf6 38. Rxg8 Rxg8 39. d8Q+ Rxd8 40. Rxd8 Kxf5 41. Rd7 Bxa5 42. Rxb7 1-0

[Event "Wch Blitz"]
[Site "Moscow"]
[Date "2019.12.29"]
[Round "10"]
[White "Gareyev, Timur"]
[Black "Jakovenko, Dmitrij"]
[Result "1/2-1/2"]
[WhiteElo "2598"]
[BlackElo "2698"]
[PlyCount "99"]
[EventDate "2019.12.29"]
[EventType "swiss (blitz)"]
[EventRounds "21"]
[EventCountry "RUS"]
[SourceTitle "CBM 193 Extra"]
[Source "ChessBase"]
[SourceDate "2020.01.31"]
[SourceVersion "1"]
[SourceVersionDate "2020.01.31"]
[SourceQuality "1"]

1. Nf3 d5 2. c4 e6 3. g3 Nf6 4. Bg2 Be7 5. 0-0 0-0 6. b3 c5 7. e3 Nc6 8. Bb2 b6 9. Nc3 Ba6 10. Qe2 Rc8 11. d3 Qd7 12. Rad1 Rfd8 13. a4 Qe8 14. e4 dxc4 15. bxc4 Nd4 16. Nxd4 cxd4 17. Nb5 Bxb5 18. axb5 e5 19. f4 Nd7 20. Bh3 Rc7 21. Bxd7 Rcxd7 22. fxe5 Bc5 23. Qh5 Re7 24. Rf5 g6 25. Qg5 Re6 26. Rdf1 Rd7 27. Bc1 Bf8 28. Qg4 Bg7 29. R5f2 Bxe5 30. Bh6 Bg7 31. Qf4 g5 32. Bxg5 Rg6 33. Bh4 Bh6 34. Qf5 Be3 35. Bf6 Qe6 36. Kg2 Bxf2 37. Rxf2 Qxf5 38. Rxf5 a6 39. bxa6 Ra7 40. Bxd4 Rxa6 41. Rd5 Kf8 42. e5 Ke7 43. Kf3 Ra2 44. h4 h5 45. Be3 f6 46. exf6+ Rxf6+ 47. Bf4 Ra3 48. Ke4 Re6+ 49. Kd4 Re2 50. Bd6+ 1/2-1/2

[Event "Wch Blitz"]
[Site "Moscow"]
[Date "2019.12.29"]
[Round "11"]
[White "Jakovenko, Dmitrij"]
[Black "Golubov, Saveliy"]
[Result "1-0"]
[WhiteElo "2698"]
[BlackElo "2469"]
[PlyCount "123"]
[EventDate "2019.12.29"]
[EventType "swiss (blitz)"]
[EventRounds "21"]
[EventCountry "RUS"]
[SourceTitle "CBM 193 Extra"]
[Source "ChessBase"]
[SourceDate "2020.01.31"]
[SourceVersion "1"]
[SourceVersionDate "2020.01.31"]
[SourceQuality "1"]

1. d4 Nf6 2. Nf3 g6 3. Bf4 Bg7 4. c3 0-0 5. Nbd2 d6 6. h3 Nc6 7. e4 Nd7 8. Be2 e5 9. dxe5 Ndxe5 10. 0-0 Re8 11. Nxe5 Nxe5 12. Qb3 Be6 13. Qc2 a6 14. a4 f5 15. Rad1 Qf6 16. exf5 Bxf5 17. Ne4 Bxe4 18. Qxe4 Nf7 19. Qf3 Rxe2 20. Qxe2 Qxf4 21. a5 Ne5 22. g3 Qf3 23. Qxf3 Nxf3+ 24. Kg2 Ne5 25. b4 Re8 26. Rfe1 Kf7 27. f4 Nc4 28. Rxe8 Kxe8 29. Rd3 b6 30. axb6 cxb6 31. Kf3 Kd7 32. Ke4 Kc6 33. Rd1 a5 34. bxa5 bxa5 35. Ra1 Bxc3 36. Rc1 d5+ 37. Kd3 Bg7 38. Re1 a4 39. Re7 Bf8 40. Rxh7 a3 41. Ra7 Kb5 42. Kc2 Na5 43. g4 Bc5 44. Ra8 Bd4 45. Kb1 Kb4 46. Ka2 Nc4 47. f5 gxf5 48. gxf5 Nd6 49. Rd8 Nb5 50. Rb8 Ka4 51. Ra8+ Kb4 52. Rb8 Kc4 53. Rc8+ Bc5 54. f6 Nc3+ 55. Ka1 d4 56. f7 d3 57. Rxc5+ Kxc5 58. f8Q+ Kc4 59. Qc8+ Kd4 60. Qd7+ Ke3 61. Qe7+ Kf3 62. Qxa3 1-0

[Event "Wch Blitz"]
[Site "Moscow"]
[Date "2019.12.29"]
[Round "9"]
[White "Jakovenko, Dmitrij"]
[Black "Rakhmanov, Alexander"]
[Result "1/2-1/2"]
[WhiteElo "2698"]
[BlackElo "2645"]
[PlyCount "86"]
[EventDate "2019.12.29"]
[EventType "swiss (blitz)"]
[EventRounds "21"]
[EventCountry "RUS"]
[SourceTitle "CBM 193 Extra"]
[Source "ChessBase"]
[SourceDate "2020.01.31"]
[SourceVersion "1"]
[SourceVersionDate "2020.01.31"]
[SourceQuality "1"]

1. e4 e5 2. Nf3 Nf6 3. Nxe5 d6 4. Nf3 Nxe4 5. d4 d5 6. Bd3 Bf5 7. 0-0 Be7 8. Nc3 Nxc3 9. bxc3 Bxd3 10. Qxd3 0-0 11. c4 dxc4 12. Qxc4 Nd7 13. a4 Nb6 14. Qd3 c5 15. a5 Nd5 16. dxc5 Bxc5 17. Bb2 Nf6 18. Qb5 b6 19. Rad1 Qe8 20. Qb3 Qe6 21. a6 Rfe8 22. Rfe1 Qf5 23. Qd3 Rxe1+ 24. Rxe1 Qxd3 25. cxd3 Nd5 26. Ne5 Nb4 27. d4 Bd6 28. Ra1 Bxe5 29. dxe5 Rd8 30. h3 h6 31. Bc3 Nc6 32. Rc1 Kf8 33. Bb2 Nb8 34. Rc7 Nxa6 35. Rxa7 Nc5 36. Ba3 Rd3 37. Bxc5+ bxc5 38. Rc7 Rd5 39. f4 g5 40. g3 gxf4 41. gxf4 f6 42. exf6 Rf5 43. Kg2 Rxf4 1/2-1/2

[Event "Wch Blitz"]
[Site "Moscow"]
[Date "2019.12.29"]
[Round "5"]
[White "Jakovenko, Dmitrij"]
[Black "Ruck, Robert"]
[Result "1-0"]
[WhiteElo "2698"]
[BlackElo "2530"]
[PlyCount "69"]
[EventDate "2019.12.29"]
[EventType "swiss (blitz)"]
[EventRounds "21"]
[EventCountry "RUS"]
[SourceTitle "CBM 193 Extra"]
[Source "ChessBase"]
[SourceDate "2020.01.31"]
[SourceVersion "1"]
[SourceVersionDate "2020.01.31"]
[SourceQuality "1"]

1. e4 c6 2. d4 d5 3. e5 Bf5 4. Nf3 e6 5. Be2 Ne7 6. c3 h6 7. Nbd2 Nd7 8. 0-0 Bh7 9. a4 Ng6 10. Re1 Nf4 11. Bf1 Nd3 12. Re3 Nxc1 13. Rxc1 Be7 14. Bd3 Bxd3 15. Rxd3 0-0 16. Nf1 c5 17. Ng3 Rc8 18. Qe2 Qa5 19. dxc5 Qxa4 20. Rd4 Qa2 21. Nh5 Rfe8 22. Rg4 g6 23. Qc2 Nf8 24. Ra4 Qxa4 25. Qxa4 gxh5 26. b4 b6 27. c6 a6 28. Nd4 Ra8 29. f4 b5 30. Qc2 Bd8 31. Qe2 h4 32. Qg4+ Ng6 33. Rf1 Bb6 34. Kh1 Rac8 35. Qh5 1-0

[Event "Wch Blitz"]
[Site "Moscow"]
[Date "2019.12.29"]
[Round "1"]
[White "Samsonkin, Artiom"]
[Black "Jakovenko, Dmitrij"]
[Result "0-1"]
[WhiteElo "2428"]
[BlackElo "2698"]
[PlyCount "87"]
[EventDate "2019.12.29"]
[EventType "swiss (blitz)"]
[EventRounds "21"]
[EventCountry "RUS"]
[SourceTitle "CBM 193 Extra"]
[Source "ChessBase"]
[SourceDate "2020.01.31"]
[SourceVersion "1"]
[SourceVersionDate "2020.01.31"]
[SourceQuality "1"]

1. e4 c5 2. Nf3 d6 3. d4 cxd4 4. Qxd4 Nc6 5. Bb5 Bd7 6. Bxc6 Bxc6 7. Nc3 Nf6 8. Bg5 e6 9. 0-0-0 Be7 10. Rhe1 0-0 11. Kb1 Qa5 12. Qd2 Qa6 13. Nd4 b5 14. f3 Rfd8 15. g4 Rac8 16. h4 b4 17. Nce2 Be8 18. Ng3 Rc5 19. Nb3 Rc7 20. Nh5 Nxh5 21. Bxe7 Rxe7 22. gxh5 h6 23. Rg1 Kh8 24. Qxb4 e5 25. Qd2 f6 26. f4 Bxh5 27. Rdf1 Qb6 28. f5 Qc6 29. Re1 d5 30. Qa5 Red7 31. Nc5 Rd6 32. Ne6 R8d7 33. Qb4 Qb6 34. Qc3 Qc6 35. Qg3 Qb7 36. Nc5 Qc6 37. Nxd7 Rxd7 38. exd5 Qxd5 39. a3 e4 40. Qf4 Bf3 41. Qb8+ Kh7 42. Qf4 Re7 43. Qe3 Qxf5 44. Ref1 0-1

[Event "Wch Rapid"]
[Site "Moscow"]
[Date "2019.12.27"]
[Round "6"]
[White "Jakovenko, Dmitrij"]
[Black "Paravyan, David"]
[Result "1/2-1/2"]
[WhiteElo "2698"]
[BlackElo "2629"]
[PlyCount "157"]
[EventDate "2019.12.26"]
[EventType "swiss (rapid)"]
[EventRounds "15"]
[EventCountry "RUS"]
[SourceTitle "CBM 193 Extra"]
[Source "ChessBase"]
[SourceDate "2020.01.31"]
[SourceVersion "1"]
[SourceVersionDate "2020.01.31"]
[SourceQuality "1"]

1. e4 c5 2. Nf3 Nc6 3. Bb5 g6 4. Bxc6 bxc6 5. d4 Ba6 6. dxc5 Qa5+ 7. Nbd2 Nf6 8. a3 Qxc5 9. c4 Nxe4 10. Nxe4 Qxc4 11. Nfd2 Qe6 12. Qa4 c5 13. Kd1 Bg7 14. Re1 Qb6 15. Nc4 Bxc4 16. Qxc4 0-0 17. Nc3 e6 18. Ke2 d5 19. Qa4 c4 20. Kf1 Rac8 21. Nd1 d4 22. Bf4 Qc5 23. Rc1 e5 24. Bd2 Qd5 25. Qa5 Rc5 26. Qxa7 Ra8 27. Qe7 Rcc8 28. Bb4 Qb5 29. Kg1 Rab8 30. Qg5 h6 31. Qd2 f5 32. f3 Re8 33. Nf2 Rbc8 34. Re2 Qd5 35. Rce1 Re6 36. Qc1 Rce8 37. Rc2 Rc8 38. Nd3 g5 39. Nc5 Rec6 40. Rxc4 Bf8 41. h4 Bxc5 42. Bxc5 Rxc5 43. Rxc5 Rxc5 44. Qd2 d3 45. hxg5 Qd4+ 46. Kh2 Qh4+ 47. Kg1 Qd4+ 48. Kh2 Rc2 49. Qb4 Qxb4 50. axb4 d2 51. Rd1 hxg5 52. Kg3 Kf7 53. Kf2 Ke6 54. Ke2 Rxb2 55. Rxd2 Rxb4 56. Ra2 g4 57. Kf2 Kf6 58. Re2 Rc4 59. Kg3 Rd4 60. Kf2 Ke6 61. Ra2 Rc4 62. Rb2 Kd5 63. Rd2+ Rd4 64. Ra2 Rd3 65. Ra5+ Ke6 66. Ra6+ Kf7 67. Rb6 Rd2+ 68. Kg3 Rd3 69. Kf2 f4 70. fxg4 Rg3 71. Ra6 Rxg4 72. Kf3 Rg5 73. Ke4 Ke7 74. Rb6 Kf7 75. Ra6 Kg7 76. Re6 Rxg2 77. Rxe5 Re2+ 78. Kxf4 Rxe5 79. Kxe5 1/2-1/2

[Event "Wch Rapid"]
[Site "Moscow"]
[Date "2019.12.27"]
[Round "9"]
[White "Kovalev, Vladislav"]
[Black "Jakovenko, Dmitrij"]
[Result "1/2-1/2"]
[WhiteElo "2662"]
[BlackElo "2698"]
[PlyCount "132"]
[EventDate "2019.12.26"]
[EventType "swiss (rapid)"]
[EventRounds "15"]
[EventCountry "RUS"]
[SourceTitle "CBM 193 Extra"]
[Source "ChessBase"]
[SourceDate "2020.01.31"]
[SourceVersion "1"]
[SourceVersionDate "2020.01.31"]
[SourceQuality "1"]

1. e4 e5 2. Nf3 Nc6 3. Bb5 Nf6 4. 0-0 Nxe4 5. Re1 Nd6 6. Nxe5 Be7 7. Bf1 Nxe5 8. Rxe5 0-0 9. d4 Bf6 10. Re1 Nf5 11. c3 d5 12. Bf4 c6 13. Nd2 Nh4 14. Be5 Bf5 15. g3 Ng6 16. Bxf6 Qxf6 17. Qh5 Rae8 18. h4 Re6 19. Qg5 Qxg5 20. hxg5 Rfe8 21. Rxe6 Rxe6 22. f3 Re7 23. Kf2 f6 24. gxf6 gxf6 25. Be2 Kg7 26. Rh1 Nf8 27. Nf1 Nd7 28. Ne3 Bg6 29. Bf1 Nb6 30. b3 Nc8 31. Bh3 Nd6 32. Rc1 Be8 33. Bf1 Bg6 34. Ng2 Kf7 35. Nf4 Nf5 36. c4 Nxd4 37. cxd5 cxd5 38. Nxd5 Rd7 39. Bc4 Kg7 40. Nf4 Bf7 41. Rd1 Rd6 42. Bxf7 Kxf7 43. Rh1 Kg7 44. Rc1 Nc6 45. Ke3 Rd7 46. a3 Re7+ 47. Kf2 Rd7 48. Ke3 Re7+ 49. Kf2 Rd7 50. b4 Ne5 51. a4 Ng6 52. Ne2 Ne5 53. Nf4 Ng6 54. Nh5+ Kf7 55. b5 Ne5 56. Nf4 Ng6 57. Rh1 Nxf4 58. Rxh7+ Ke6 59. Rxd7 Kxd7 60. gxf4 Ke6 61. Kg3 Kf5 62. a5 b6 63. a6 Kg6 64. Kg4 f5+ 65. Kh4 Kh6 66. Kg3 Kg6 1/2-1/2

[Event "Wch Rapid"]
[Site "Moscow"]
[Date "2019.12.26"]
[Round "1"]
[White "Petrov, Nikita"]
[Black "Jakovenko, Dmitrij"]
[Result "0-1"]
[WhiteElo "2585"]
[BlackElo "2698"]
[PlyCount "94"]
[EventDate "2019.12.26"]
[EventType "swiss (rapid)"]
[EventRounds "15"]
[EventCountry "RUS"]
[SourceTitle "CBM 193 Extra"]
[Source "ChessBase"]
[SourceDate "2020.01.31"]
[SourceVersion "1"]
[SourceVersionDate "2020.01.31"]
[SourceQuality "1"]

1. c4 e5 2. g3 Nf6 3. Bg2 Bc5 4. Nc3 c6 5. Nf3 e4 6. Nh4 d5 7. d3 Ng4 8. 0-0 g5 9. d4 Be7 10. f3 Nxh2 11. Kxh2 gxh4 12. fxe4 hxg3+ 13. Kg1 Bd6 14. Qd2 h5 15. Qg5 Qxg5 16. Bxg5 dxc4 17. e5 Be7 18. Bxe7 Kxe7 19. d5 h4 20. d6+ Ke8 21. Rf4 h3 22. Be4 Be6 23. Bf5 Nd7 24. Bxe6 fxe6 25. Rf3 g2 26. Kh2 Nxe5 27. Rxh3 Kd7 28. Ne4 g1Q+ 29. Rxg1 Rxh3+ 30. Kxh3 Rh8+ 31. Kg3 Rg8+ 32. Kf2 Rxg1 33. Kxg1 b5 34. Kf2 Nf7 35. Ke3 e5 36. b3 cxb3 37. axb3 Nxd6 38. Nc5+ Kc7 39. Kd3 a5 40. e4 Nb7 41. Ne6+ Kd6 42. Ng5 Nc5+ 43. Kc3 Ke7 44. b4 axb4+ 45. Kxb4 Ne6 46. Nf3 Kd6 47. Nh4 Nd4 0-1

[Event "Jerusalem FIDE GP"]
[Site "Jerusalem"]
[Date "2019.12.13"]
[Round "1.6"]
[White "Jakovenko, Dmitrij"]
[Black "Mamedyarov, Shakhriyar"]
[Result "1-0"]
[WhiteElo "2698"]
[BlackElo "2772"]
[PlyCount "115"]
[EventDate "2019.12.11"]
[EventType "k.o."]
[EventRounds "4"]
[EventCountry "ISR"]
[SourceTitle "CBM 194"]
[Source "ChessBase"]
[SourceDate "2020.02.29"]
[SourceVersion "1"]
[SourceVersionDate "2020.02.29"]
[SourceQuality "1"]

1. e4 e5 2. Nf3 Nc6 3. Bc4 Bc5 4. c3 Nf6 5. d3 d6 6. 0-0 a6 7. a4 Ba7 8. Nbd2 Qe7 9. b4 0-0 10. h3 Be6 11. Re1 h6 12. Bxe6 fxe6 13. Nf1 Qf7 14. Be3 Bxe3 15. Rxe3 Ne7 16. d4 Nd7 17. Qc2 Ng6 18. N1h2 a5 19. b5 Rac8 20. Ng4 h5 21. Ngh2 Qf6 22. Rd1 Nh8 23. dxe5 Nxe5 24. Nxe5 Qxe5 25. Nf3 Qf4 26. c4 Nf7 27. c5 e5 28. Rc1 Kh8 29. cxd6 Nxd6 30. Rd1 Qf6 31. Rd5 Rfe8 32. Rc5 Re7 33. Rec3 Ne8 34. b6 c6 35. Rxa5 Nd6 36. Rac5 g5 37. a5 g4 38. Nh2 Rg8 39. a6 Qf4 40. axb7 Reg7 41. hxg4 hxg4 42. Qc1 g3 43. Qxf4 exf4 44. Rh5+ Rh7 45. Rxh7+ Kxh7 46. fxg3 fxg3 47. Rxg3 Rb8 48. Rc3 Rxb7 49. Rxc6 Nxe4 50. Nf3 Kg7 51. Nd4 Kf7 52. Rc7+ Rxc7 53. bxc7 Nd6 54. Nb5 Nc8 55. g4 Ke6 56. Kf2 Kd5 57. g5 Ne7 58. Na7 1-0

[Event "CHN-chT"]
[Site "China"]
[Date "2019.11.23"]
[Round "18.5"]
[White "Jakovenko, Dmitrij"]
[Black "Zou, Chen"]
[Result "1-0"]
[WhiteElo "2698"]
[BlackElo "2459"]
[PlyCount "53"]
[EventDate "2019.04.09"]
[EventType "team-tourn"]
[EventRounds "22"]
[EventCountry "CHN"]
[SourceTitle "CBM 195 Extra"]
[Source "ChessBase"]
[SourceDate "2020.05.31"]
[SourceVersion "1"]
[SourceVersionDate "2020.05.31"]
[SourceQuality "1"]
[WhiteTeam "Hangzhou Bank"]
[BlackTeam "Hangzhou Hongda"]
[WhiteTeamCountry "CHN"]
[BlackTeamCountry "CHN"]

1. e4 e5 2. Nf3 Nc6 3. Bc4 Bc5 4. c3 Nf6 5. d3 d6 6. Nbd2 a6 7. Bb3 Ba7 8. Nf1 h6 9. Ng3 0-0 10. 0-0 Re8 11. h3 Be6 12. Nh2 Bxb3 13. axb3 Ne7 14. Qf3 Ng6 15. Nf5 Re6 16. Ng4 Nxg4 17. hxg4 Nh4 18. Qh3 Nxf5 19. exf5 Re8 20. Bxh6 gxh6 21. Qxh6 f6 22. Qg6+ Kf8 23. g5 fxg5 24. f6 Qd7 25. Ra4 e4 26. Re1 e3 27. Qh6+ 1-0

[Event "Hamburg FIDE GP"]
[Site "Hamburg"]
[Date "2019.11.07"]
[Round "1.1"]
[White "Jakovenko, Dmitrij"]
[Black "Yu, Yangyi"]
[Result "1/2-1/2"]
[WhiteElo "2691"]
[BlackElo "2753"]
[PlyCount "34"]
[EventDate "2019.11.05"]
[EventType "k.o."]
[EventRounds "4"]
[EventCountry "GER"]
[SourceTitle "CBM 193"]
[Source "ChessBase"]
[SourceDate "2019.12.31"]
[SourceVersion "1"]
[SourceVersionDate "2019.12.31"]
[SourceQuality "1"]

1. e4 e5 2. Nf3 Nf6 3. Nxe5 d6 4. Nf3 Nxe4 5. d4 d5 6. Bd3 Nc6 7. 0-0 Be7 8. Nbd2 Nxd2 9. Qxd2 0-0 10. c3 Bd6 11. Qc2 h6 12. Re1 Qf6 13. Qb3 Ne7 14. Bd2 Bf5 15. Bxf5 Qxf5 16. Re2 Rab8 17. Rae1 Ng6 1/2-1/2

[Event "Hamburg FIDE GP"]
[Site "Hamburg"]
[Date "2019.11.07"]
[Round "1.4"]
[White "Jakovenko, Dmitrij"]
[Black "Yu, Yangyi"]
[Result "1/2-1/2"]
[WhiteElo "2691"]
[BlackElo "2753"]
[PlyCount "129"]
[EventDate "2019.11.05"]
[EventType "k.o."]
[EventRounds "4"]
[EventCountry "GER"]
[SourceTitle "CBM 193"]
[Source "ChessBase"]
[SourceDate "2019.12.31"]
[SourceVersion "1"]
[SourceVersionDate "2019.12.31"]
[SourceQuality "1"]

1. c4 g6 2. e4 e5 3. d4 Nf6 4. Nf3 exd4 5. e5 Nh5 6. Qxd4 Nc6 7. Qe4 Bb4+ 8. Nc3 0-0 9. Bg5 f6 10. Qd5+ Kh8 11. exf6 Nxf6 12. Qd3 d6 13. Be2 Bf5 14. Qd1 Qd7 15. 0-0 Bxc3 16. bxc3 Qg7 17. Qc1 Rfe8 18. Bh6 Qg8 19. Re1 Ng4 20. Bg5 Qg7 21. Nd4 Nxd4 22. cxd4 Qxd4 23. Bxg4 Bxg4 24. Be3 Qf6 25. c5 Kg8 26. h3 Bd7 27. cxd6 cxd6 28. Qc4+ Qf7 29. Qd4 Bc6 30. Rad1 Re6 31. Bd2 Qf6 32. Qc4 d5 33. Qb3 Rae8 34. Be3 h5 35. Rd4 Re4 36. Red1 Kh7 37. Qb4 a6 38. Rxe4 Rxe4 39. Bd4 Qe7 40. Qc3 Bb5 41. Bf6 Qf7 42. Bd4 Re2 43. a3 Re4 44. Qc8 Re8 45. Qc5 Qe7 46. Qc3 Qe2 47. Rc1 Bc6 48. Be3 Re4 49. Kh2 d4 50. Bxd4 Qb5 51. Bc5 Re2 52. Qf6 Qb3 53. Bd4 Qg8 54. Rc5 Re6 55. Qf4 Qe8 56. Be3 Qe7 57. Kg1 Qf6 58. Qh6+ Kg8 59. Rg5 Qg7 60. Qxg7+ Kxg7 61. Rc5 Kf7 62. Kh2 Re4 63. Rc3 Ke6 64. f3 Re5 65. g4 1/2-1/2

[Event "FIDE World Cup"]
[Site "Khanty-Mansiysk"]
[Date "2019.09.18"]
[Round "3.6"]
[White "Vachier Lagrave, Maxime"]
[Black "Jakovenko, Dmitrij"]
[Result "1/2-1/2"]
[WhiteElo "2774"]
[BlackElo "2681"]
[PlyCount "79"]
[EventDate "2019.09.10"]
[EventType "k.o."]
[EventRounds "7"]
[EventCountry "RUS"]
[SourceTitle "CBM 192"]
[Source "ChessBase"]
[SourceDate "2019.10.31"]
[SourceVersion "1"]
[SourceVersionDate "2019.10.31"]
[SourceQuality "1"]

1. e4 e5 2. Nf3 Nc6 3. Bc4 Bc5 4. c3 Nf6 5. d3 d6 6. 0-0 a6 7. a4 Ba7 8. Re1 0-0 9. h3 Be6 10. Bxe6 fxe6 11. Be3 Bxe3 12. Rxe3 a5 13. Nbd2 Qe8 14. d4 exd4 15. Nxd4 e5 16. Qb3+ Kh8 17. Ne6 Rf7 18. Ng5 Re7 19. Nf1 Rb8 20. Ng3 Qg6 21. Nf3 Qf7 22. Qb5 Ree8 23. Nd2 Nd7 24. Rf3 Qe6 25. Nb3 Na7 26. Qd5 b6 27. Nd2 Qxd5 28. exd5 Nc8 29. Nge4 Ne7 30. c4 Nc5 31. Raa3 Nxe4 32. Nxe4 Kg8 33. h4 Rf8 34. Rxf8+ Rxf8 35. g3 Nf5 36. Nc3 Nd4 37. Nb5 Nxb5 38. cxb5 Rf7 39. Kg2 Kf8 40. Rf3 1/2-1/2